1318 1249 1579 1459 1038 1690 1849 1185 1701 1465 1108 1392 1570 1278 1492 1512 1771 1570 1826 1035 1326 1846 1238 1239 1171 1770 1728 1353 1435 1292 1708 1737 1567 1828 1336 1257 1587 1837 1134 1764 1780 1584 1696 1806 1569 1057 1904 1755 1101 1863 1445 1099 1222 1858 1012 1662 1155 1300 1183 1983 1204 1028 1834 1578 1365 1373 1560 1844 1409 1139 1323 1213 1046 1330 1620 1982 1352 1933 1792 1121 1951 1969 1968 1294 1513 1798 1234 1315 1525 1510 1958 1970 1501 1496 1411 1451 1112 1874 1231 BCNSPRNW ULIB Ver.6.0+V

เปลี่ยนเป็นภาษาไทย

Change to English
 แสดงรายละเอียดบรรณานุกรม
  กลับหน้าหลัก

Brief Record : Get Marc (ISO 2709) : E-mail record : QR code < ปิดหน้าต่าง
LEADER : 00000nam 2200000uu 4500
001    13399115130
003     ULIB
008    120711s2551||||th 000 0 tha d
020    ^a9789740508601
050  4 ^aBF637.S8^bอ598ด ล.4
100 0  ^aอาจอง ชุมสาย ณ อยุธยา
245 10 ^aด้วยรักบันดาล...นิทานสีขาว เล่ม 4 /^cเล่าเรื่องโดย อาจอง ชุมสาย ณ อยุธยา ;สุพัตรา แซ่ลิ่ม เรียบเรียง ;[บรรณาธิการ อิศวเรศ ตโมนุท]
250    ^aพิมพ์ครั้งที่ 1
260    ^aกรุงเทพฯ :^bฟรีมายด์,^c2551
300    ^a191 หน้า :^bภาพประกอบ
650  4 ^aนิทานสอนใจ
650  4 ^aการดำเนินชีวิต
650  4 ^aความสำเร็จ
650  4 ^aนิทานคติธรรม
700 0  ^aสุพัตรา แซ่ลิ่ม
700 0  ^aอิศวเรศ ตโมนุท,^eบรรณาธิการ
945    ^p185^l0^i14980
995    ^aกัณชพร
999    ^aใช้งานได้ทุกระบบ
รายการนี้ยังไม่มีแท็ก
คุณยังไม่ได้ล็อกอิน คุณสามารถมีกิจกรรมร่วมกับเว็บไซต์ได้ แต่ต้องล็อกอินก่อน ::
  ล็อกอิน

รายการสื่อสารสนเทศ

ลำดับที่ ประเภท เลขเรียก/บาร์โค้ด สถานที่ สถานะ
- ไม่พบข้อมูล -

รายการใกล้เคียง
    ผู้แต่ง [อาจอง ชุมสาย ณ อยุธยา]

    หัวเรื่อง [นิทานสอนใจ]
    หัวเรื่อง [การดำเนินชีวิต]
    หัวเรื่อง [ความสำเร็จ]
    หัวเรื่อง [นิทานคติธรรม]

BibComment


ยังไม่เคยถูกคอมเมนท์

คอมเมนท์ทรัพยากรรายการนี้
  คอมเมนท์: ด้วยรักบันดาลนิท..


 Copyright 2026. Bcnsprnw @Library